| 000 | 00000nam 2200000za 4500 |
| 001 | 9.817747 |
| 003 | CaOODSP |
| 005 | 20221107142540 |
| 007 | cr ||||||||||| |
| 008 | 160516s1981 quc |o f|0| 0 eng d |
| 020 | |q(paper)|z0-660-10731-7 |
| 040 | |aCaOODSP|beng |
| 043 | |an-cn--- |
| 086 | 1 |aA54-3/27E-PDF |
| 245 | 00|aManual of Nearctic Diptera |nVol. 1 |h[electronic resource] / |ccoodinated by J.F. McAlpine ... [et al.]. |
| 260 | |a[Ottawa] :|bResearch Branch, Agriculture Canada, |c1981. |
| 300 | |a674 p. : |bill. |
| 490 | 1 |aMonograph / Research Branch, Agriculture Canada |vno. 27 (1981) |
| 500 | |aThe catalogue number (A54-3/27E) and ISBN (0-660-10731-7) for the print edition have been copied in this electronic publication. |
| 504 | |aIncludes bibliographic references. |
| 692 | 07|2gccst|aArachnids |
| 692 | 07|2gccst|aInsects |
| 700 | 1 |aMcAlpine, J. F. |
| 710 | 1 |aCanada. |bAgriculture and Agri-Food Canada. |bResearch Branch. |
| 830 | #0|aMonograph (Canada. Agriculture Canada. Research Branch)|vno. 27|w(CaOODSP)9.507455 |
| 856 | 40|qPDF|s62.96 MB|uhttps://publications.gc.ca/collections/collection_2016/aac-aafc/A54-3-27-eng.pdf |